000
00298nam a22001337a 4500
020
_a
81-87349-64-6823
082
_a
823
_b
BHA/G
100
_a
BHANOT, T R
245
_a
GIANT BOOK OF FAIRY TALES
260
_a
DELHI
_b
ARONA BOOK
300
_a
96
650
_a
ENGLISH SHORT STORY
_z
DELHI
942
_c
BK
999
_c
3077
_d
3077